000 00632nam a2200229Ia 4500
001 dia_6849
003 CHAP
008 220117s1962 xx 000 0 und d
010 _a178195
040 _cCHAP
090 _aF 234 1962
110 _aU. S. Department of Health, Education and Welfare
_9162831
245 _aManual of individual water supply systems
260 _aMéxico :
_b Department of Health, Education and Welfare,
_c1962
300 _ax, 121 p.
901 _aF 234 1962
902 _aM
905 _a0000001962 MX 0000000000SPA00
942 _c12
942 _c12
999 _c178195
_d178195